000 00711nam a2200253Ia 4500
003 OSt
005 20220918165156.0
006 a|||||r|||| 00| 0
007 ta
008 220917b |||||||| |||| 00| 0 eng d
020 _a1555875718
024 _a2,228
037 _cTextual
040 _aARTS
_cARTS
_beng
041 _2eng
_aeng
082 _aZ1, N7
100 _aHsiung James C
_923052
245 0 _aAnarchy and order
_b The interplay of politics and law in international relations
260 _aColorado
_bLynne Rienner Publishers
_c1997
300 _a245 p.
_ccm.
650 _aINTERNATIONAL LAW
_921942
942 _hZ1, N7
_cTEXL
_2CC
999 _c128645
_d128645